000 00783nam a22002177a 4500
003 UA-OsUOA
001 83639
007 ta
008 20120424b un ||||| |||| 00| 0 ukr d
100 _aКухарчук І.
090 _a81
_bК95
942 _cSA
040 _aUA-OsUOA
_bukr
_cUA-OsUOA
_dUA-OsUOA
245 _aВивчення безсполучниковихречень студентами-філологами (проблема вибору вправ і завдань)
300 _aС.47-52
955 _a0
041 _aukr
080 _a81
773 0 _w83637
_tУкраїнська мова і література в школі
_dК.
_d2012
_g2
650 7 _a8 Мовознавство. Художня література. Літературознавство
_2UDC
999 _c369951
_d369951